Nederlandse Dialecten - Statistieken

Algemene statistieken
  • Deze quiz is 46 keer genomen
  • De gemiddelde score is 7 van 47
Antwoordstatistieken
Regio Dialect % Correct
Hollands West-Fries
62%
Hollands Amsterdams
59%
Hollands Rotterdams
56%
Nedersaksisch Gronings
49%
Nedersaksisch Twents
49%
Hollands Haags
46%
Zeeuws Zeeuws-Vlaams
46%
Hollands Utrechts-Alblasserwaards
44%
Nedersaksisch Achterhoeks
33%
Suriname Surinaams-Nederlands
33%
Nedersaksisch Sallands
26%
Antillen Antilliaans-Nederlands
21%
Nedersaksisch Stellingwerfs
18%
Hollands Haarlems
15%
Hollands Leids
15%
Brabants Noord-Limburgs
15%
Nedersaksisch Veluws
15%
Nedersaksisch Urkers
13%
Hollands Volendams
10%
Brabants Antwerps
8%
Nedersaksisch Gelders-Overijssels
8%
Brabants Noord-Brabants
8%
Nedersaksisch Twents-Graafschaps
8%
Brabants Leuvens
5%
Limburgs Luik-Limburgs
5%
Limburgs Oost-Limburgs
5%
Hollands Zaans
5%
Brabants Zuid-Brabants
5%
Brabants Aalsters
3%
Hollands Amelands
3%
Hollands Bildts
3%
Hollands Kennemerlands
3%
Nedersaksisch Midden-Drents
3%
Limburgs Oostlimburgs-Ripuarisch
3%
Hollands Stadsfries
3%
Hollands Waterlands
3%
Hollands Westhoeks
3%
Nedersaksisch Zuid-Drents
3%
Brabants Zuid-Gelders
3%
Limburgs Centraal Limburgs
0%
Zeeuws Flakkees
0%
Zeeuws Goerees
0%
Hollands Huizens
0%
Brabants Kempens
0%
Nedersaksisch Kollumerlands
0%
Hollands Midslands
0%
Verenigde Staten Pella-Nederlands
0%
Geen overeenkomende quizzen gevonden
Scoreverdeling
Procent van Mensen met Elke Score
Percentiel versus Aantal Correcte Antwoorden
Uw Scoregeschiedenis
U heeft deze quiz nog niet genomen